El uso de la informática en la educación: informe final seminario-taller subregional
Guardat en:
| Autor corporatiu: | |
|---|---|
| Format: | Llibre |
| Idioma: | espanyol |
| Publicat: |
Santiago
OREALC
1990
|
| Col·lecció: | Educación Científica y tecnológica
|
| Matèries: | |
| Etiquetes: |
Afegir etiqueta
Sense etiquetes, Sigues el primer a etiquetar aquest registre!
|
MARC
| LEADER | 00000nam a2200000 a 4500 | ||
|---|---|---|---|
| 001 | UCX9015 | ||
| 003 | CL-VaPUC | ||
| 005 | 20200123181712.0 | ||
| 008 | 940511e19900000cl 1 spa d | ||
| 082 | 0 | 4 | |a 371.334 |b UNE |2 21 |
| 110 | 2 | |a UNESCO |e author |9 616964 | |
| 245 | 1 | 3 | |a El uso de la informática en la educación: informe final seminario-taller subregional |
| 260 | |a Santiago |b OREALC |c 1990 | ||
| 300 | |a 161 p | ||
| 490 | 0 | |a Educación Científica y tecnológica | |
| 583 | |a last modification |c 19940511 00:00:00 |k Rodrigo Vera | ||
| 650 | 0 | 7 | |a ENSEÑANZA CON AYUDA DE COMPUTADORES |2 CL-VaPUC |9 262450 |
| 942 | |c BK | ||
| 945 | |a rbrito |d 19940511 00:00:00 | ||
| 546 | |a En Español | ||
| 518 | |p Seminario Taller Subregional El Uso de la Informática en la Educación, Buenos Aires, 5 al 9 de Diciembre de 1988 | ||
| 999 | |c 382214 |d 382212 | ||
| 952 | |0 0 |1 0 |4 0 |6 371_334000000000000_UNE_1990 |7 0 |8 A |9 503788 |a BIBEDU |b BIBEDU |d 2020-01-23 |i 2979373 |o 371.334 UNE 1990 |p 2979373 |r 2020-01-23 |w 2020-01-23 |y BK |k EDU | ||